000 00302nam a22001337a 4500
020 _a0-19-565854-X
082 _a510
_bROY/M
100 _aA.K.ROY
245 _aMATHEMATICS CBSE X
260 _aCHENNAI
_bOXFORD UNIVERSITY PRESS
_c2002
300 _a543
650 _aMATHS FOR CLASS X
_zINDIA
942 _cBK
999 _c744
_d744